|
|
|
|
| LEADER |
01341nam a2200301 u 4500 |
| 001 |
10007294 |
| 003 |
upatras |
| 005 |
20210117203945.0 |
| 008 |
881025s1994 us eng |
| 020 |
|
|
|a 0071133089
|
| 040 |
|
|
|a GR-PaULI
|c GR-PaULI
|
| 041 |
0 |
|
|a eng
|
| 082 |
0 |
4 |
|a 333.7
|
| 100 |
1 |
|
|a Field, Barry C.
|9 11325
|
| 245 |
1 |
0 |
|a Environmental economics
|b an introduction
|c Barry C. Field
|
| 260 |
|
|
|a New York
|b McGraw-Hill, Inc.
|c 1994
|
| 300 |
|
|
|a xiv, 482 p.
|b fig., tab.
|c 24 cm.
|
| 490 |
0 |
|
|a McGraw-Hill international editions : Economics series
|
| 504 |
|
|
|a Includes bibliographical references and indexes
|
| 650 |
|
4 |
|a Οικονομία
|x Περιβάλλον
|9 3031
|
| 650 |
|
4 |
|a Περιβάλλον
|x Οικονομία
|9 833
|
| 760 |
0 |
|
|a McGraw-Hill international editions
|
| 852 |
|
|
|a GR-PaULI
|b ΠΑΤΡΑ
|b ΒΚΠ
|b ΒΣ1
|k ΑΣΧΞ
|h 333.7 F
|m 13268
|p 025000098089
|t 1
|
| 852 |
|
|
|a GR-PaULI
|b ΠΑΤΡΑ
|b ΒΚΠ
|b ΒΣ1
|k ΑΣΧΞ
|h 333.7 F
|m 16577
|p 025000003300
|t 2
|
| 942 |
|
|
|2 ddc
|c BK15
|
| 952 |
|
|
|0 0
|1 0
|4 0
|6 333_700000000000000_F
|7 0
|9 130969
|a LISP
|b LISP
|c BSC
|d 2016-04-24
|i 13268
|l 0
|o 333.7 F
|p 025000098089
|r 2016-04-24 00:00:00
|t 1
|w 2016-04-24
|y BK15
|
| 952 |
|
|
|0 0
|1 0
|4 0
|6 333_700000000000000_F
|7 0
|9 130970
|a LISP
|b LISP
|c BSC
|d 2016-04-24
|i 16577
|l 0
|o 333.7 F
|p 025000003300
|r 2016-04-24 00:00:00
|t 2
|w 2016-04-24
|y BK15
|
| 999 |
|
|
|c 85788
|d 85788
|